Alphbets for signwriters, artists and illustrators (Record no. 53764)

MARC details
000 -LEADER
fixed length control field 00431nam a2200157Ia 4500
005 - DATE AND TIME OF LATEST TRANSACTION
control field 20240821151951.0
008 - FIXED-LENGTH DATA ELEMENTS--GENERAL INFORMATION
fixed length control field 240821s9999||||xx |||||||||||||| ||und||
082 ## - DEWEY DECIMAL CLASSIFICATION NUMBER
Classification number 745.6 OXB
100 ## - MAIN ENTRY--PERSONAL NAME
Personal name Oxborough, H.
245 #0 - TITLE STATEMENT
Title Alphbets for signwriters, artists and illustrators
250 ## - EDITION STATEMENT
Edition statement 21st ed.
260 ## - PUBLICATION, DISTRIBUTION, ETC.
Place of publication, distribution, etc. London
Name of publisher, distributor, etc. The Technical Press
Date of publication, distribution, etc. 1956
300 ## - PHYSICAL DESCRIPTION
Extent 64p
650 ## - SUBJECT ADDED ENTRY--TOPICAL TERM
Topical term or geographic name entry element ARTS,CRAFTS,MUSIC,SPORTS AND RECREATIONS
942 ## - ADDED ENTRY ELEMENTS (KOHA)
Koha item type Book
Holdings
Withdrawn status Lost status Damaged status Not for loan Home library Current library Date acquired Total checkouts Barcode Date last seen Price effective from Koha item type
        Library and Documentation Division NCERT Library and Documentation Division NCERT 08/21/2024   36090 08/21/2024 08/21/2024 Book